Have a magical day : (Record no. 28843)
[ view plain ]
| 000 -LEADER | |
|---|---|
| fixed length control field | 01082nam a2200277 i 4500 |
| 003 - CONTROL NUMBER IDENTIFIER | |
| control field | CSPC |
| 005 - DATE AND TIME OF LATEST TRANSACTION | |
| control field | 20250214112130.0 |
| 008 - FIXED-LENGTH DATA ELEMENTS--GENERAL INFORMATION | |
| fixed length control field | 250214s2020 000 0 eng d |
| 020 ## - INTERNATIONAL STANDARD BOOK NUMBER | |
| International Standard Book Number | 9798605340454 |
| 040 ## - CATALOGING SOURCE | |
| Transcribing agency | CSPC |
| Original cataloging agency | CSPC |
| Language of cataloging | eng |
| Description conventions | rda |
| 082 04 - DEWEY DECIMAL CLASSIFICATION NUMBER | |
| Classification number | 158.1 |
| Item number | M671h |
| 100 1# - MAIN ENTRY--PERSONAL NAME | |
| Personal name | Miracle, Wendell, |
| Relator term | author. |
| 245 10 - TITLE STATEMENT | |
| Title | Have a magical day : |
| Remainder of title | 7 keys to living happy every day / |
| Statement of responsibility, etc. | Wendell Miracle. |
| 264 #1 - PRODUCTION, PUBLICATION, DISTRIBUTION, MANUFACTURE, AND COPYRIGHT NOTICE | |
| Place of production, publication, distribution, manufacture | [Place of publication not identified] : |
| Name of producer, publisher, distributor, manufacturer | Hope Nuggets LLC, |
| Date of production, publication, distribution, manufacture, or copyright notice | 2020. |
| 300 ## - PHYSICAL DESCRIPTION | |
| Extent | 106 pages ; |
| Dimensions | 20 cm. |
| 336 ## - CONTENT TYPE | |
| Content type term | text |
| Source | rdacontent |
| 337 ## - MEDIA TYPE | |
| Media type term | unmediated |
| Source | rdamedia |
| 338 ## - CARRIER TYPE | |
| Carrier type term | volume |
| Source | rdacrrier |
| 505 0# - FORMATTED CONTENTS NOTE | |
| Formatted contents note | Begin each day with gratitude -- Be a blessing -- Visualize your success -- Forgive others -- Love yourself -- Speak it into your existence -- Dance like you already got it. |
| 650 #4 - SUBJECT ADDED ENTRY--TOPICAL TERM | |
| Topical term or geographic name entry element | Happiness. |
| 650 #4 - SUBJECT ADDED ENTRY--TOPICAL TERM | |
| Topical term or geographic name entry element | Self-actualization (Psychology). |
| 650 #4 - SUBJECT ADDED ENTRY--TOPICAL TERM | |
| Topical term or geographic name entry element | Conduct of life. |
| 650 #4 - SUBJECT ADDED ENTRY--TOPICAL TERM | |
| Topical term or geographic name entry element | Success |
| General subdivision | Psychological aspects. |
| 942 ## - ADDED ENTRY ELEMENTS (KOHA) | |
| Source of classification or shelving scheme | Dewey Decimal Classification |
| Suppress in OPAC | No |
| Koha item type | Books |
| Call number prefix | CIR |
| Call number suffix | 2020 |
| Classification part | 158.1 |
| Withdrawn status | Lost status | Source of classification or shelving scheme | Damaged status | Not for loan | Home library | Current library | Shelving location | Date acquired | Total Checkouts | Full call number | Barcode | Date last seen | Date last checked out | Copy number | Price effective from | Koha item type |
|---|---|---|---|---|---|---|---|---|---|---|---|---|---|---|---|---|
| Dewey Decimal Classification | Main Library | Main Library | Circulation Section | 02/14/2025 | 3 | CIR 158.1 M671h 2020 | 028865 | 11/18/2025 | 10/30/2025 | 1-1 | 02/14/2025 | Books |